Fondo documental de la Compañía del Ferrocarril de La Robla / gerente, Milagros Zabaleta Sarasua
Descripción Física:
203 p. ; 30 cm
Otros Autores:
Zabaleta Sarasua, Milagros
MARC
| LEADER | 00000nam a2200000Ia 4500 | ||
|---|---|---|---|
| 001 | 10341 | ||
| 008 | 160829s1993 xx 000 0 cat d | ||
| 080 | |a C-2-92 | ||
| 110 | 2 | |a Banco Bilbao Vizcaya. |b Archivo Histórico |9 54859 | |
| 245 | |a Fondo documental de la Compañía del Ferrocarril de La Robla / gerente, Milagros Zabaleta Sarasua | ||
| 260 | |a Barcelona : |b Banco Bilbao Vizcaya. Archivo Histórico, |c 1993 | ||
| 300 | |a 203 p. ; |c 30 cm | ||
| 610 | 2 | 0 | |a Banco Bilbao Vizcaya. |b Archivo Histórico |v Catàlegs |9 55774 |
| 650 | |a Compañía del Ferrocarril de La Robla |x Arxius |x Catàlegs |9 37343 | ||
| 700 | |a Zabaleta Sarasua, Milagros |9 34846 | ||
| 901 | |a Arxiu | ||
| 942 | |n 1 | ||
| 952 | |0 0 |1 0 |4 0 |6 C292 |7 1 |9 47812 |a Arxiu |b Arxiu |d 2016-12-01 |l 0 |o C-2-92 |p 10341 |r 2016-12-01 00:00:00 |w 2016-12-01 |y ARXIU | ||
| 999 | |c 51611 |d 51611 | ||